Sports Quiz

Random Sports Quiz

Top XIs: Barnsley (1990s) Quiz Stats

 Plays Quiz not verified by Sporcle

Challenge
Share
Tweet
Embed
Score 0/110 Timer 06:00
0 Plays Today
% Correct
Neil Redfearn
90.1%
Neil Redfearn
90.1%
Neil Redfearn
90.1%
Neil Redfearn
90.1%
Neil Redfearn
90.1%
Neil Redfearn
90.1%
Neil Redfearn
90.1%
David Watson
84.5%
David Watson
84.5%
David Watson
84.5%
David Watson
84.5%
Ashley Ward
74.6%
Nicky Eaden
73.2%
Nicky Eaden
73.2%
Nicky Eaden
73.2%
Arjan de Zeeuw
73.2%
Nicky Eaden
73.2%
Arjan de Zeeuw
73.2%
Nicky Eaden
73.2%
Arjan de Zeeuw
73.2%
Nicky Eaden
73.2%
Arjan de Zeeuw
73.2%
Nicky Eaden
73.2%
Darren Barnard
70.4%
Scott Jones
70.4%
Darren Barnard
70.4%
Darren Barnard
70.4%
John Hendrie
69%
Matty Appleby
64.8%
Clint Marcelle
64.8%
Matty Appleby
64.8%
Matty Appleby
64.8%
Matty Appleby
64.8%
Mark Smith
63.4%
Mark Smith
63.4%
Martin Bullock
60.6%
Adrian Moses
60.6%
% Correct
Adrian Moses
60.6%
Martin Bullock
60.6%
Tony Bullock
60.6%
Adrian Moses
60.6%
Darren Sheridan
59.2%
Darren Sheridan
59.2%
Darren Sheridan
59.2%
Darren Sheridan
59.2%
Danny Wilson
57.7%
Danny Wilson
57.7%
Paul Wilkinson
57.7%
Eric Tinkler
57.7%
Eric Tinkler
57.7%
Andy Liddell
53.5%
Andy Liddell
53.5%
Kevin Miller
52.1%
Steve Davis
49.3%
Steve Davis
49.3%
Neil Thompson
47.9%
Craig Hignett
45.1%
Chris Morgan
45.1%
Craig Hignett
45.1%
Bruce Dyer
43.7%
Mike Sheron
43.7%
Owen Archdeacon
40.8%
Owen Archdeacon
40.8%
Owen Archdeacon
40.8%
Owen Archdeacon
40.8%
Owen Archdeacon
40.8%
Gerry Taggart
38%
Lee Butler
38%
Gerry Taggart
38%
Lee Butler
38%
Gerry Taggart
38%
Lee Butler
38%
Gerry Taggart
38%
Gerry Taggart
38%
% Correct
Neil Shipperley
38%
Clive Baker
36.6%
Brendan O'Connell
35.2%
Brendan O'Connell
35.2%
Brendan O'Connell
35.2%
Brendan O'Connell
35.2%
Brendan O'Connell
35.2%
Kevin Richardson
35.2%
Andy Rammell
33.8%
Andy Rammell
33.8%
Andy Rammell
33.8%
Andy Rammell
33.8%
Steve Agnew
31%
Mark Robinson
29.6%
Mark Robinson
29.6%
David Currie
26.8%
David Currie
26.8%
Peter Shirtliff
23.9%
Wayne Biggins
21.1%
Ian Banks
19.7%
Andy Payton
19.7%
Andy Payton
19.7%
Andy Payton
19.7%
Gary Fleming
18.3%
Gary Fleming
18.3%
Gary Fleming
18.3%
Gary Fleming
18.3%
Gary Fleming
18.3%
Andy Saville
16.9%
Carl Tiler
14.1%
Charlie Bishop
14.1%
Charlie Bishop
14.1%
Charlie Bishop
14.1%
John Curtis
11.3%
Sean McClare
8.5%
Chris Barker
4.2%

You're not logged in!

Compare scores with friends on all Sporcle quizzes.
OR
Log In

You Might Also Like...

Show Comments

Extras

Top Quizzes Today


Score Distribution

Your Account Isn't Verified!

In order to create a playlist on Sporcle, you need to verify the email address you used during registration. Go to your Sporcle Settings to finish the process.

Report this User

Report this user for behavior that violates our Community Guidelines.

Details: